| 000 | 00634nam a2200265Ia 4500 | ||
|---|---|---|---|
| 003 | OSt | ||
| 005 | 20231010150032.0 | ||
| 008 | 210323s9999||||xx |||||||||||||| ||und|| | ||
| 020 | _a818883680X | ||
| 040 | _cSTCPL | ||
| 041 | _aENG | ||
| 082 |
_a580.12 _bJOH-T V.1 |
||
| 100 | _aJohri, R.M | ||
| 100 | _aLata, Sneh | ||
| 245 | 0 |
_aTaxonomy-1 : _bSystematics and morphology / _cby R.M Johri and Sneha Lata |
|
| 260 |
_aNew Delhi : _bSonali Publications , _c2005 . |
||
| 300 |
_a330 p. _bPB |
||
| 650 | _aBotany | ||
| 650 | _aTaxonomy | ||
| 650 | _aRoot | ||
| 650 | _aStem | ||
| 650 | _aLeaf | ||
| 942 | _cBK | ||
| 942 | _2ddc | ||
| 999 |
_c56313 _d56313 |
||